Formy obstarania DHM a DNM bakalárska práca

Uložené v:
Podrobná bibliografia
Hlavný autor: Harvanová, Mária
Korporativný autor: Podnikovohospodárska fakulta EU so sídlom v Košiciach. Katedra účtovníctva a financií
Ďalší autori: Polončák, Milan
Médium: Kniha
Jazyk:Slovak
Vydavateľské údaje: Košice 2009
Tagy: Pridať tag
Žiadne tagy, Buďte prvý, kto otaguje tento záznam!

MARC

LEADER 00000nam$a2200000$$$4500
001 0106019
005 20240320074950.8
041 0 |a slo 
044 |a SK 
245 1 0 |a Formy obstarania DHM a DNM  |b bakalárska práca  |c Mária Harvanová ; škol. Milan Polončák 
264 1 |a Košice  |c 2009 
300 |a 49 s. 
100 1 |a Harvanová, Mária 
700 1 |a Polončák, Milan 
710 2 |a Podnikovohospodárska fakulta EU so sídlom v Košiciach. Katedra účtovníctva a financií